<?xml version="1.0" encoding="UTF-8"?>
<record
    xmlns:xsi="http://www.w3.org/2001/XMLSchema-instance"
    xsi:schemaLocation="http://www.loc.gov/MARC21/slim http://www.loc.gov/standards/marcxml/schema/MARC21slim.xsd"
    xmlns="http://www.loc.gov/MARC21/slim">

  <leader>00460    a2200133   4500</leader>
  <controlfield tag="005">20250605110732.0</controlfield>
  <datafield tag="020" ind1=" " ind2=" ">
    <subfield code="a">9 781793618771</subfield>
  </datafield>
  <datafield tag="100" ind1=" " ind2=" ">
    <subfield code="a">LITTLEFIELD, S. R.</subfield>
  </datafield>
  <datafield tag="245" ind1=" " ind2=" ">
    <subfield code="a">Intergrated Marketing Communication in Risk and Crisis Contexts: A Culture-Centered Approach.</subfield>
  </datafield>
  <datafield tag="260" ind1=" " ind2=" ">
    <subfield code="a">London,</subfield>
    <subfield code="b">Lexingtin Books</subfield>
    <subfield code="c">2021.</subfield>
  </datafield>
  <datafield tag="300" ind1=" " ind2=" ">
    <subfield code="a">ix, 199p.; ill.; pictures.; tables</subfield>
    <subfield code="b">References.; Indexes.</subfield>
    <subfield code="c">23cm.</subfield>
  </datafield>
  <datafield tag="700" ind1=" " ind2=" ">
    <subfield code="a">SELLNOW, D. D. &amp; SELLNOW, L. T.</subfield>
  </datafield>
  <datafield tag="942" ind1=" " ind2=" ">
    <subfield code="2">ddc</subfield>
    <subfield code="c">BKS</subfield>
  </datafield>
  <datafield tag="999" ind1=" " ind2=" ">
    <subfield code="c">3206</subfield>
    <subfield code="d">3206</subfield>
  </datafield>
  <datafield tag="952" ind1=" " ind2=" ">
    <subfield code="r">2025-06-05 11:09:39</subfield>
    <subfield code="l">0</subfield>
    <subfield code="o">659.1 LIT</subfield>
    <subfield code="p">DOM0066</subfield>
    <subfield code="v">775656.00</subfield>
    <subfield code="w">2025-06-05</subfield>
    <subfield code="y">BKS</subfield>
    <subfield code="1">0</subfield>
    <subfield code="2">ddc</subfield>
    <subfield code="4">0</subfield>
    <subfield code="7">0</subfield>
    <subfield code="0">0</subfield>
    <subfield code="a">004</subfield>
    <subfield code="b">004</subfield>
    <subfield code="c">SPECIAL</subfield>
    <subfield code="d">2025-03-12</subfield>
    <subfield code="g">258552.00</subfield>
  </datafield>
</record>
